000 00469nam a22001817a 4500
003 CEME
005 20210628203850.0
008 210317b xxu||||| |||| 00| 0 eng d
020 _a0-12-531940-1
040 _c.
082 _a006.6 OZE'V
100 _aOzer, Jan
_967634
245 _aVideo compression for multimedia, cd-rom enclosed
260 _aBOSTON
_bAP
_c1995
300 _a378P
650 _aMULTIMEDIA SYSTEMS VIDEO COMPRESSION
_967635
942 _cBK
_2ddc
999 _c575364
_d575364